Living as a muslim in a plural society / (Record no. 126736)

MARC details
000 -LEADER
fixed length control field 00758nam a22002297a 4500
005 - DATE AND TIME OF LATEST TRANSACTION
control field 20170124110014.0
010 ## - LIBRARY OF CONGRESS CONTROL NUMBER
LC control number A-953323
020 ## - INTERNATIONAL STANDARD BOOK NUMBER
Terms of availability 65.00
International Standard Book Number 8123201206
035 ## - SYSTEM CONTROL NUMBER
System control number A-953323
037 ## - SOURCE OF ACQUISITION
Source of stock number/acquisition Cen Lib/Ret
040 ## - CATALOGING SOURCE
Original cataloging agency DPL
Language of cataloging EN
082 ## - DEWEY DECIMAL CLASSIFICATION NUMBER
Classification number 305.697
Item number FAZ
100 ## - MAIN ENTRY--PERSONAL NAME
Personal name Fazlur Rahman Faridi
9 (RLIN) 18341
245 ## - TITLE STATEMENT
Title Living as a muslim in a plural society /
Statement of responsibility, etc by Fazlur Rahman Faridi
260 ## - PUBLICATION, DISTRIBUTION, ETC. (IMPRINT)
Place of publication, distribution, etc Chennai
Name of publisher, distributor, etc Islamic Foundation Trust
Date of publication, distribution, etc 1998
270 ## - ADDRESS
Address 78, Perambur High Road
City Chennai
Postal code 600012
300 ## - PHYSICAL DESCRIPTION
Extent 105p.
Dimensions 22cm(pbk)
500 ## - GENERAL NOTE
General note Includes bibliographical references <br/><br/>
650 ## - SUBJECT ADDED ENTRY--TOPICAL TERM
Topical term or geographic name as entry element Islam -- Relations
9 (RLIN) 18342
650 ## - SUBJECT ADDED ENTRY--TOPICAL TERM
Topical term or geographic name as entry element Muslims -- India
9 (RLIN) 7069
942 ## - ADDED ENTRY ELEMENTS (KOHA)
Source of classification or shelving scheme Dewey Decimal Classification
Koha item type English Books
Classification part 305.697
Call number suffix FAZ
Holdings
Withdrawn status Lost status Damaged status Not for loan Home library Current library Date acquired Source of acquisition Cost, normal purchase price Total Checkouts Full call number Barcode Date last seen Copy number Cost, replacement price Price effective from Koha item type
        Central Library Central Library 26/06/2015 Cen Lib/Ret 65.00   305.697 FAZ A-953323 26/06/2015 1 65.00 26/06/2015 English Books

© Delhi Public Library
Hit Counter
free hit counter